00501nam a22001217a 4500008004100000040005500041080002000096245016600116260003900282300001500321490002700336650001600363230622b |||||||| |||| 00| 0 eng d aNational Science LibrarycNational Science Library a627.11(063)bK3 aWater resources development in Asia and the far eastc/ Proceedings of the fifth regional conference on water.............................20 to 26 November, 1962 aNew York: bUnited Nations, c1963 avii, 208p. aWater resources series aProceedings